<?xml version="1.0" encoding="UTF-8"?>
<collection xmlns="http://www.loc.gov/MARC21/slim">
<record>
  <controlfield tag="001">3650</controlfield>
  <controlfield tag="005">20181029140824.0</controlfield>
  <datafield tag="037" ind1=" " ind2=" ">
    <subfield code="a">OUTRTLK-2018-0034</subfield>
  </datafield>
  <datafield tag="100" ind1=" " ind2=" ">
    <subfield code="a">Kraaikamp, Emil</subfield>
  </datafield>
  <datafield tag="245" ind1=" " ind2=" ">
    <subfield code="a">Fotos en Video's gemaakt met de USET zonnetelescopen</subfield>
  </datafield>
  <datafield tag="260" ind1=" " ind2=" ">
    <subfield code="c">2018</subfield>
  </datafield>
  <datafield tag="269" ind1=" " ind2=" ">
    <subfield code="c">2018-09-30</subfield>
  </datafield>
  <datafield tag="520" ind1=" " ind2=" ">
    <subfield code="a">In het voorjaar van 2017 werden een week lang met de USET zonnetelescopen opnames gemaakt op hoge snelheid als onderdeel van een internationale waarneemcampagne. De dataset is bewerkt met "lucky imaging" technieken, waarbij telkens per 10 seconden (vanuit ongeveer 40 opnames) 1 scherpe opname werd gemaakt. Dit resulteert in hoge resolutie beelden en video's die de dynamische zon prachtig weergeven. In deze presentatie leg ik aan de hand van de bewerkte opnames zowel de achtergrond van de waarneemcampagne als de gebruikte technieken uit.</subfield>
  </datafield>
  <datafield tag="594" ind1=" " ind2=" ">
    <subfield code="a">STCE</subfield>
  </datafield>
  <datafield tag="653" ind1="1" ind2=" ">
    <subfield code="a">lucky imaging</subfield>
  </datafield>
  <datafield tag="653" ind1="1" ind2=" ">
    <subfield code="a">hop 0334</subfield>
  </datafield>
  <datafield tag="773" ind1=" " ind2=" ">
    <subfield code="t">Opendeurdag OMA 2018</subfield>
  </datafield>
  <datafield tag="856" ind1="0" ind2=" ">
    <subfield code="f">emil.kraaikamp@observatoire.be</subfield>
  </datafield>
  <datafield tag="856" ind1="4" ind2="2">
    <subfield code="a">http://spacepole.be/index.php/nl/opendeurdagen-2018/voordrachten</subfield>
  </datafield>
  <datafield tag="980" ind1=" " ind2=" ">
    <subfield code="a">OUTRTLK</subfield>
  </datafield>
</record>
</collection>